书目信息 |
| 题名: |
新编中学语文作文同步指导
|
|
| 作者: | 窦光宇 , 诸士心 著 | |
| 分册: | 高中第四册 | |
| 出版信息: | 西安 陕西人民出版社 1990 |
|
| 页数: | 118页 | |
| 开本: | 19cm | |
| 丛书名: | ||
| 单 册: | ||
| 中图分类: | G633.34 | |
| 科图分类: | ||
| 主题词: | 中学--作文课 | |
| 电子资源: | ||
| ISBN: | 7-224-01144-4 | |
| 000 | 00630nam0 2200205 45 | |
| 001 | 0405091186 | |
| 005 | 20050411154855.2 | |
| 010 | @a7-224-01144-4@dCNY1.45 | |
| 100 | @a20040509d1990 km y0chiy0120 ea | |
| 101 | 0 | @achi |
| 105 | @a z 000yy | |
| 200 | 1 | @a新编中学语文作文同步指导@AXin Bian Zhong Xue Yu Wen Zuo Wen Tong Bu Zhi Dao@h高中第四册@f窦光宇,诸士心著@FDou Guang Yu,Zhu Shi Xin Zhu |
| 210 | @a西安@c陕西人民出版社@d1990 | |
| 215 | @a118页@d19cm | |
| 606 | 0 | @a中学@x作文课 |
| 690 | @aG633.34@v3 | |
| 701 | 0 | @a窦光宇@4著 |
| 701 | 0 | @a诸士心@4著 |
| 801 | @aCN@bTSTCL@c20040509 | |
| 905 | @dG633.34@e219:4@f1@b240262 | |
| 新编中学语文作文同步指导.高中第四册/窦光宇,诸士心著.-西安:陕西人民出版社,1990 |
| 118页;19cm |
| ISBN 7-224-01144-4:CNY1.45 |
| ● |
| 相关链接 |
|
|
|
|
正题名:新编中学语文作文同步指导
索取号:G633.34/219:4
 
预约/预借
| 序号 | 登录号 | 条形码 | 馆藏地/架位号 | 状态 | 备注 |
| 1 | 0240259 | 000258385 | 密集书库/ [索取号:G633.34/219:4] | 在馆 | |
| 2 | 0240260 | 000258376 | 密集书库/ [索取号:G633.34/219:4] | 在馆 | |
| 3 | 0240261 | 000258296 | 密集书库/ [索取号:G633.34/219:4] | 在馆 | |
| 4 | 0240262 | 002005476 | 密集书库/ [索取号:G633.34/219:4] | 在馆 | |
| 5 | 0240263 | 000258367 | 第一样本阅览室/ [索取号:G633.34/219:4] | 在馆 |